000
00311nam a2200121Ia 4500
008
220204s9999 xx 000 0 und d
082
_a
31:301
_b
FUL
100
_a
Fuller, M F
245
0
_a
Statistical workbook for social scientists
260
_a
Oxford
_b
Philip Alan
_c
1977
700
_a
Lury, D A
942
_c
BK
999
_c
28018
_d
28018